LIBRARY & INFORMATION CENTRE, KCAET, TAVANUR

ONLINE PUBLIC ACCESS CATALOGUE (OPAC)

Engineering Materials / (Record no. 137)

MARC details
000 -LEADER
fixed length control field 00527cam a2200217ua 4500
041 ## - LANGUAGE CODE
Language code of text/sound track or separate title eng
082 ## - DEWEY DECIMAL CLASSIFICATION NUMBER
Classification number 691
Item number RAN/EN
100 ## - MAIN ENTRY--AUTHOR NAME
Personal name Rangwala, S C.
245 ## - TITLE STATEMENT
Title Engineering Materials /
250 ## - EDITION STATEMENT
Edition statement 11 /
260 ## - PUBLICATION, DISTRIBUTION, ETC. (IMPRINT)
Place of publication Anand :
Name of publisher Charotar publishing house ,
Year of publication 1986.
300 ## - PHYSICAL DESCRIPTION
Number of Pages 497 ; .
650 ## - SUBJECT ADDED ENTRY--TOPICAL TERM
Topical Term Engineering Materials
942 ## - ADDED ENTRY ELEMENTS (KOHA)
Koha item type Books
Holdings
Withdrawn status Lost status Damaged status Home library Current library Date acquired Full call number Accession Number Koha item type Shelving location Source of acquisition Cost, normal purchase price
      KAUAET KAUAET 01/11/1988 691 16409 Books      
      KAUAET KAUAET 01/11/1988 691 16410 Books      
    Damaged KAUAET KAUAET 01/11/1988 691 16412 Books Binding Shelf    
      KAUAET KAUAET 01/11/1988 691 16411 Books Binding Shelf    
      KAUAET KAUAET 07/04/2012 691 21884 Books      
      KAUAET KAUAET 11/07/2022 691 RAN/EN BB 636 Book Bank scheme for SC students Scheme TBS PUBLISHERS AND DISTRIBUTERS 250.00
      KAUAET KAUAET 24/01/2025 691 RAN/EN 16408 Books     40.00
free website counter